100 Najmniejszych państw świata - Statystyki

Ogólne statystyki
  • Ten quiz został rozwiązany 505 razy
    324 od ostatniego zresetowania
  • Średni wynik to 68 z 100
Statystyki odpowiedzi
Podpowiedź Odpowiedź % Poprawnych
1 Watykan
96%
2 Monako
89%
6 Liechtenstein
84%
28 Luksemburg
84%
5 San Marino
84%
17 Andora
83%
74 Łotwa
81%
67 Estonia
80%
75 Litwa
80%
10 Malta
80%
69 Słowacja
79%
45 Słowenia
78%
23 Dominika
77%
52 Haiti
77%
73 Togo
77%
59 Belgia
76%
33 Cypr
76%
82 Czechy
76%
68 Dominikana
76%
65 Holandia
76%
36 Kosowo
76%
35 Jamajka
74%
80 Panama
74%
84 Austria
73%
40 Czarnogóra
73%
46 Izrael
73%
92 Kuba
73%
50 Macedonia Północna
73%
60 Mołdawia
73%
38 Katar
72%
58 Lesotho
72%
78 Irlandia
71%
57 Armenia
70%
66 Dania
70%
90 Islandia
70%
47 Salwador
70%
20 Singapur
70%
64 Szwajcaria
70%
19 Bahrajn
69%
63 Bhutan
69%
71 Bośnia i Hercegowina
68%
77 Gruzja
68%
3 Nauru
68%
81 Serbia
68%
15 Seszele
68%
49 Belize
67%
42 Eswatini
67%
95 Honduras
67%
89 Korea Południowa
67%
16 Palau
67%
4 Tuvalu
67%
7 Wyspy Marshalla
67%
55 Albania
66%
72 Chorwacja
66%
49 Dżibuti
66%
44 Fidżi
66%
91 Gwatemala
66%
9 Malediwy
66%
87 Portugalia
66%
31 Trynidad i Tobago
66%
49 Vanuatu
66%
25 Wyspy Świętego Tomasza i Książęca
66%
83 Zjednoczone Emiraty Arabskie
66%
85 Azerbejdżan
65%
37 Gambia
65%
70 Kostaryka
65%
34 Liban
65%
8 Saint Kitts i Nevis
65%
88 Węgry
65%
56 Wyspy Salomona
65%
18 Saint Lucia
64%
76 Sri Lanka
64%
32 Brunei
63%
54 Gwinea równikowa
63%
24 Kiribati
63%
27 Komory
63%
99 Korea Północna
63%
43 Kuwejt
63%
12 Saint Vincent i Grenadyny
63%
61 Tajwan
63%
41 Timor Wschodni
63%
22 Tonga
63%
14 Antigua i Barbuda
62%
13 Barbados
62%
53 Burundi
62%
62 Gwinea Bissau
62%
30 Republika Zielonego Przylądka
62%
96 Benin
61%
51 Rwanda
60%
86 Jordania
59%
94 Liberia
59%
29 Samoa
59%
21 Mikronezja
58%
79 Sierra Leone
58%
11 Grenada
56%
98 | 100 Malawi
56%
93 Bułgaria
55%
26 Mauritius
54%
97 Erytrea
52%
Nie znaleziono quizów pasujących do podanych kryteriów
Rozkład punktacji
Procent ludzi z każdym wynikiem
Percentyl według liczby udzielonych odpowiedzi
Twoja historia wyników
Nie rozwiązałeś tego quizu od ostatniego zresetowania